Language Quiz

Random Language or Spanish Quiz

Capitulo 6A Vocabulario Quiz Stats

 Plays Quiz not verified by Sporcle

Score 0/120 Timer 15:00
0 Plays Today
English Spanish % Correct
to be enoughbastar
60%
to kickpatear
60%
to come tovenir a
60%
ownerel dueno
60%
powerel poder
60%
seasonla temporada
60%
excitingemocionante
60%
to thankagradecer
40%
to betapostar
40%
to snatch awayarrebatar
40%
to lamentdeplorar
40%
to defeat (not vencer)derrotar
40%
to fight/challengedisputarse
40%
to praiseenaltecer
40%
to put in charge ofencargarse
40%
to builderigir
40%
to hitgolpear
40%
to hydratehidratar
40%
to humiliatehumillar
40%
to intervenemediar
40%
to grantotorgar
40%
to programprogramar
40%
to take a leading part inprotagonizar
40%
to point outpuntualizar
40%
to accomplishrealizar
40%
to go throughrecorrer
40%
to bribesobornar
40%
to add toagregar a
40%
to isolate oneself fromaislarse de
40%
to be part ofser parte de
40%
to have the opportunity totener la oportunidad de
40%
to enroll ininscribirse en
40%
to watch out forvelar por
40%
accomodationsel alojamiento
40%
refereeel arbitro
40%
clayla arcilla
40%
goalieel arquero
40%
delayel atraso
40%
athleteel atleta
40%
racecar drivingel automovilismo
40%
English Spanish % Correct
soccer (no futbol)el balompie
40%
basketball (no basquetbol)el baloncesto
40%
energy drinkla bebida energetica
40%
racela carrera
40%
cyclingel ciclismo
40%
cyclistel ciclista
40%
coveragela cobertura
40%
commissionerel comisionado
40%
contestla competicion
40%
baserunnerel corredor en base
40%
cradlela cuna
40%
defensive playerla defensa
40%
forwardel delantero
40%
team sporteel deporte de equipo
40%
2 person sportel deporte por pareja
40%
domainel dominio
40%
effectivenessla eficacia
40%
trainingel entrenamiento
40%
opposing teamel equipo contrario
40%
fanel fanatico
40%
sourcela fuente
40%
gymnasticsla gimnasia
40%
grassla hierba
40%
ice hockeyel hockey sobre hielo
40%
right fielderel jardinero derecho
40%
home runel jonron
40%
ball gameel juego de pelota
40%
home teamel local
40%
wrestlerel luchador
40%
goal scorerel marcador
40%
midfieldmanel medio
40%
swimmerel nadador
40%
leisureel ocio
40%
grassel pasto
40%
skaterel patinador
40%
basque ballla pelota vasca
40%
courtla pista
40%
controversyla polemica
40%
front pagela portada
40%
axiomel postulado
40%
English Spanish % Correct
proprietorel propietario
40%
rowerel remero
40%
rowingel remo
40%
performanceel rendimiento
40%
maintenanceel sostenimiento
40%
clayla tierra batida
40%
sneaker/tennis shoela zapatilla
40%
wealthyacaudalado
40%
dailycotidiano
40%
outstandingdestacado
40%
in chargeencargado
40%
monthlymensual
40%
worldwidemundialmente
40%
categoricalrotundo
40%
suddensubito
40%
firsthandde primera mano
40%
to run the risk ofcorrer el riesgo de
40%
in homageen homenaje
40%
outside the countryfuera del pais
40%
to become championllegar a ser campeon
40%
to have free timetener tiempo libre
40%
to be in effecttener vigencia
40%
to rejectdescartar
20%
to undertakeemprender
20%
to swear (oath)jurar
20%
to score a goalmarcar un gol
20%
to proposeproponer
20%
to defeat (not derrotar)vencer
20%
to concentrate onconcentrarse en
20%
sportsmanel deportista
20%
physical exerciseel ejercicio fisico
20%
spectatorel espectador
20%
Formula 1 driverel piloto de formula 1
20%
goalieel portero
20%
headquartersla sede
20%
scatteredesparcido
20%
printedimpreso
20%
involvedinvolucrado
20%
within reach ofal alcance de
20%
to be far from readyestar muy verde
20%

You're not logged in!

Compare scores with friends on all Sporcle quizzes.
OR
Log In

Show Comments

Extras

Top Quizzes Today


Score Distribution

Your Account Isn't Verified!

In order to create a playlist on Sporcle, you need to verify the email address you used during registration. Go to your Sporcle Settings to finish the process.

Report this User

Report this user for behavior that violates our Community Guidelines.

Details: